European Countries with the Oldest Median Age - Statistics

General Stats
  • This quiz has been taken 24 times
  • The average score is 8 of 10
Answer Stats
Median Age Country % Correct
45.5 Italy
100%
47.1 Germany
91%
44.5 Greece
91%
53.1 Monaco
86%
44.3 Andorra
82%
44.4 San Marino
82%
44 Austria
77%
43.6 Latvia
68%
43.7 Lithuania
68%
44.5 Slovenia
45%
No matching quizzes found
Score Distribution
Percent of People with Each Score
Percentile by Number Answered
Your Score History
You have not taken this quiz